<?xml version="1.0" encoding="UTF-8"?>
<record
    xmlns:xsi="http://www.w3.org/2001/XMLSchema-instance"
    xsi:schemaLocation="http://www.loc.gov/MARC21/slim http://www.loc.gov/standards/marcxml/schema/MARC21slim.xsd"
    xmlns="http://www.loc.gov/MARC21/slim">

  <leader>02677nam a2200289uu 4500</leader>
  <controlfield tag="001">1456923</controlfield>
  <controlfield tag="005">20260508090841.0</controlfield>
  <controlfield tag="008">161213s2016                        spa  </controlfield>
  <datafield tag="020" ind1=" " ind2=" ">
    <subfield code="a">9789588897837</subfield>
  </datafield>
  <datafield tag="035" ind1=" " ind2=" ">
    <subfield code="a">1456923</subfield>
  </datafield>
  <datafield tag="040" ind1=" " ind2=" ">
    <subfield code="c">comduadb</subfield>
  </datafield>
  <datafield tag="041" ind1=" " ind2=" ">
    <subfield code="a">spa</subfield>
  </datafield>
  <datafield tag="082" ind1=" " ind2="4">
    <subfield code="a">378</subfield>
  </datafield>
  <datafield tag="100" ind1="1" ind2="0">
    <subfield code="a">Navarro Mej&#xED;a, David</subfield>
    <subfield code="4">aut</subfield>
    <subfield code="e">aut</subfield>
    <subfield code="9">720288</subfield>
  </datafield>
  <datafield tag="245" ind1="1" ind2="0">
    <subfield code="a">Reinventar la universidad : la construcci&#xF3;n de un modelo posible o la met&#xE1;fora de Jos&#xE9; Arcadio buend&#xED;a</subfield>
  </datafield>
  <datafield tag="250" ind1=" " ind2=" ">
    <subfield code="a">1. edici&#xF3;n</subfield>
  </datafield>
  <datafield tag="260" ind1=" " ind2=" ">
    <subfield code="a">Bogot&#xE1; :</subfield>
    <subfield code="b">Universidad Distrital Francisco Jos&#xE9; de Caldas. Centro de Investigaciones y Desarrollo Cient&#xED;fico,</subfield>
    <subfield code="c">2016.</subfield>
  </datafield>
  <datafield tag="300" ind1=" " ind2=" ">
    <subfield code="a">93 p&#xE1;ginas. :</subfield>
    <subfield code="b">Tablas</subfield>
  </datafield>
  <datafield tag="505" ind1=" " ind2=" ">
    <subfield code="a">CONTENIDO : Introducci&#xF3;n. -- Los modelos de Universidad. -- El origen de la historia de la Universidad colombiana. -- El pensamiento moderno sobre la Universiad. -- La pedagog&#xED;a en el &#xE1;mbito de la Universidad. -- El espacio y el esp&#xED;ritu de investigaci&#xF3;n en la Universidad. -- Una visi&#xF3;n y generaci&#xF3;n de lo tecnol&#xF3;gico desde la Universidad. -- Estudio de caso : la Universidad distrital Francisco Jos&#xE9; de Caldas. -- Conclusiones. -- Ep&#xED;logo. -- Referencias.</subfield>
  </datafield>
  <datafield tag="520" ind1="3" ind2=" ">
    <subfield code="a">RESUMEN: Este texto pretende ofrecer una s&#xED;ntesis de las reflexiones que se han centrado en el rol de la Universidad y en este sentido es un texto de apertura para quienes se interesan y tienen preocupaciones por las transformaciones y el papel que esta desempe&#xF1;a en el mundo actual. &#xBF;Qu&#xE9; sentido tienen hoy la docencia y la investigaci&#xF3;n en la Universidad y cu&#xE1;l es un escenario deseable para que se las renueve y no queden reducidas a mero af&#xE1;n de lucro, o de servicio? O &#xBF;c&#xF3;mo disponer las tecnolog&#xED;as de la era digital para transformarla, sin que pierda su car&#xE1;cter de instituci&#xF3;n que promueve el humanismo y su obligaci&#xF3;n de ser sensible a los problemas que le plantea la sociedad de su entorno? La Universidad es as&#xED; puesta en las encrucijadas de hoy como una de las instituciones cuya misi&#xF3;n viene siendo desafiada y cuya urgencia de cambios es inaplazable. Pero se la analiza en un entorno concreto y en el marco de una experiencia concreta, pues el debate debe ofrecer ejemplos y casos reales en Colombia. Y en este sentido se invita a reflexionar sobre el caso de la Universidad Distrital de la Capital, ejemplo que se cree es representativo de un n&#xFA;mero importante de universidades.</subfield>
  </datafield>
  <datafield tag="650" ind1=" " ind2=" ">
    <subfield code="a">Investigaci&#xF3;n en la universidad</subfield>
    <subfield code="9">11506</subfield>
  </datafield>
  <datafield tag="650" ind1=" " ind2="7">
    <subfield code="a">Educaci&#xF3;n superior</subfield>
    <subfield code="x">Historia</subfield>
    <subfield code="z">Colombia</subfield>
    <subfield code="2">lemb</subfield>
    <subfield code="9">198748</subfield>
  </datafield>
  <datafield tag="650" ind1=" " ind2="7">
    <subfield code="a">Pedagog&#xED;a</subfield>
    <subfield code="2">lemb</subfield>
    <subfield code="9">1626</subfield>
  </datafield>
  <datafield tag="650" ind1=" " ind2="7">
    <subfield code="a">Educaci&#xF3;n</subfield>
    <subfield code="x">Historia</subfield>
    <subfield code="z">Colombia</subfield>
    <subfield code="2">lemb</subfield>
    <subfield code="9">47764</subfield>
  </datafield>
  <datafield tag="700" ind1="1" ind2="0">
    <subfield code="a">Balanta Castilla, Nevis</subfield>
    <subfield code="4">aut</subfield>
    <subfield code="e">aut</subfield>
    <subfield code="9">610373</subfield>
  </datafield>
  <datafield tag="942" ind1=" " ind2=" ">
    <subfield code="c">BOOK</subfield>
  </datafield>
  <datafield tag="999" ind1=" " ind2=" ">
    <subfield code="c">748234</subfield>
    <subfield code="d">748234</subfield>
  </datafield>
  <datafield tag="952" ind1=" " ind2=" ">
    <subfield code="0">0</subfield>
    <subfield code="1">0</subfield>
    <subfield code="4">0</subfield>
    <subfield code="7">0</subfield>
    <subfield code="8">GEN</subfield>
    <subfield code="a">BC</subfield>
    <subfield code="b">BC</subfield>
    <subfield code="d">2016-12-13</subfield>
    <subfield code="e">Material adquirido por donaci&#xF3;n</subfield>
    <subfield code="g">28000.00</subfield>
    <subfield code="i">C1255990</subfield>
    <subfield code="l">0</subfield>
    <subfield code="o">378.007 N322</subfield>
    <subfield code="p">1021434</subfield>
    <subfield code="r">2023-05-03 00:00:00</subfield>
    <subfield code="t">1</subfield>
    <subfield code="w">2023-05-03</subfield>
    <subfield code="y">BOOK</subfield>
  </datafield>
</record>
